Detalles MARC
| 000 -CABECERA |
| campo de control de longitud fija |
01035nam a2200265 i 4500 |
| 001 - NÚMERO DE CONTROL |
| campo de control |
000029424 |
| 003 - IDENTIFICADOR DEL NÚMERO DE CONTROL |
| campo de control |
DO-SdBNP |
| 005 - FECHA Y HORA DE LA ÚLTIMA TRANSACCIÓN |
| campo de control |
20231221092409.0 |
| 007 - CAMPO FIJO DE DESCRIPCIÓN FÍSICA--INFORMACIÓN GENERAL |
| campo de control de longitud fija |
ta |
| 008 - DATOS DE LONGITUD FIJA--INFORMACIÓN GENERAL |
| campo de control de longitud fija |
110415s2009 dr 000 0 spa d |
| 040 ## - FUENTE DE LA CATALOGACIÓN |
| Centro catalogador/agencia de origen |
DO-SdBNP |
| Lengua de catalogación |
spa |
| Centro/agencia transcriptor |
BNPHU |
| Normas de descripción |
rda |
| 082 ## - NÚMERO DE LA CLASIFICACIÓN DECIMAL DEWEY |
| Número de documento/Ítem |
P592f |
| Número de edición |
22 |
| 100 1# - ENTRADA PRINCIPAL--NOMBRE DE PERSONA |
| Nombre de persona |
Pichardo Cruz, Daniel Nicanor |
| Término indicativo de función/relación |
autor |
| 9 (RLIN) |
38858 |
| 245 13 - MENCIÓN DE TÍTULO |
| Título |
Fallecimiento e inmortalidad de Juan Pablo Duarte : |
| Resto del título |
fundador de la República / |
| Mención de responsabilidad, etc. |
Daniel Nicanor Pichardo Cruz |
| 264 ## - PRODUCCIÓN, PUBLICACIÓN, DISTRIBUCIÓN, FABRICACIÓN Y COPYRIGHT |
| Producción, publicación, distribución, fabricación y copyright |
Santo Domingo : |
| Nombre del de productor, editor, distribuidor, fabricante |
Instituto Duartiano, |
| Fecha de producción, publicación, distribución, fabricación o copyright |
2009. |
| 300 ## - DESCRIPCIÓN FÍSICA |
| Extensión |
7 paginas ; |
| Dimensiones |
21 cm. |
| 336 ## - TIPO DE CONTENIDO |
| Fuente |
rdacontent |
| Término de tipo de contenido |
texto |
| Código de tipo de contenido |
txt |
| 337 ## - TIPO DE MEDIO |
| Fuente |
rdamedia |
| Nombre/término del tipo de medio |
sin mediación |
| Código del tipo de medio |
n |
| 338 ## - TIPO DE SOPORTE |
| Fuente |
rdacarrier |
| Nombre/término del tipo de soporte |
volumen |
| Código del tipo de soporte |
nc |
| 490 ## - MENCIÓN DE SERIE |
| Mención de serie |
Cartilla Duartiana ; Lectura de la Patria |
| Designación de volumen o secuencia |
12 |
| 500 ## - NOTA GENERAL |
| Nota general |
Óleo sobre tela, autoría de Pedro G. de Villena, 1963, basado en la foto original de Juan Pablo Duarte, tomada en Caracas por Próspero Rey, pieza museográfica que se exhibe en el museo casa Duarte. |
| 590 ## - NOTA LOCAL (RLIN) |
| Nota local |
Inventariado, 2023 / DG |
| 910 ## - DATOS DE OPCIÓN DEL USUARIO (OCLC) |
| Datos de opción del usuario |
DG |
| 942 ## - ELEMENTOS DE PUNTO DE ACCESO ADICIONAL (KOHA) |
| Fuente del sistema de clasificación o colocación |
Dewey Decimal Classification |
| Tipo de ítem Koha |
Folleto |